[Event "Open Vitrolles 2023/2024"]
[Site "Vitrolles"]
[Date "2023.11.18"]
[Round "3.3"]
[White "Jullien, Patrick"]
[Black "Mars, Florence"]
[Result "1-0"]
[WhiteElo "1517"]
[BlackElo "1217"]
[PlyCount "57"]

1. e4 c5 2. Nc3 Nc6 3. g3 e5 4. Bg2 Nf6 5. d3 Be7 6. Nge2 O-O 7. O-O d6 8. h3
a6 9. Be3 Bd7 10. g4 Nd4 11. Ng3 Bc6 12. Nd5 Nxd5 13. exd5 Bd7 14. c3 Nb5 15.
Qd2 f5 16. gxf5 Bxf5 17. Nxf5 Rxf5 18. Qe2 Nc7 19. Kh2 Rf7 20. Be4 Qf8 21. Qh5
g6 22. Qe2 Bf6 23. Rg1 Bg7 24. Rg2 Bh6 25. Bxg6 hxg6 26. Rxg6+ Kh8 27. Rxh6+
Rh7 28. Rxh7+ Kxh7 29. Qh5+ 1-0

[Event "Open Vitrolles 2023/2024"]
[Site "Vitrolles"]
[Date "2023.11.18"]
[Round "3.4"]
[White "Scamaroni, Jean-Paul"]
[Black "Khoundh, Zein"]
[Result "0-1"]
[WhiteElo "1458"]
[BlackElo "1338"]
[PlyCount "160"]

1. d4 f5 2. Nc3 Nf6 3. Bg5 e6 4. e4 fxe4 5. Nxe4 Be7 6. Nxf6+ Bxf6 7. Bxf6 Qxf6
8. c3 O-O 9. Nf3 d5 10. Be2 Nd7 11. O-O c5 12. Bb5 cxd4 13. Qxd4 a6 14. Ba4 b5
15. Bc2 Bb7 16. Rfe1 Rfe8 17. Ne5 Nxe5 18. Rxe5 Re7 19. Rae1 Rae8 20. R1e3 Rf8
21. Rh3 g6 22. Rf3 Qg7 23. Rxf8+ Kxf8 24. Qe3 Qf6 25. g3 Bc8 26. f4 Rc7 27. Bb3
Rc6 28. Qa7 Qg7 29. Qe3 Bd7 30. Kf2 Qh6 31. h4 Qg7 32. Qa7 Bc8 33. Qe3 Bd7 34.
g4 Qf6 35. Kg3 Qg7 36. g5 Qf7 37. Qd4 Rd6 38. Qc5 Qe7 39. Bc2 Rc6 40. Qe3 Qc5
41. Bb3 Qxe3+ 42. Rxe3 a5 43. a3 Rd6 44. Rd3 Rb6 45. Rd4 Ke7 46. Bc2 Kd6 47. h5
Be8 48. hxg6 Bxg6 49. Bxg6 hxg6 50. Kg4 b4 51. cxb4 axb4 52. axb4 e5 53. fxe5+
Kxe5 54. Rd2 Rxb4+ 55. Kg3 d4 56. Kf3 Rb3+ 57. Kf2 Kd5 58. Re2 d3 59. Rd2 Ke4
60. Ke1 Kf3 61. Rf2+ Ke3 62. Rd2 Rb5 63. Rg2 Rd5 64. Rg3+ Kf4 65. Rg1 Kf3 66.
Kd2 Kf4 67. b4 Rb5 68. Kxd3 Rxb4 69. Kc3 Rb5 70. Kd4 Rxg5 71. Rxg5 Kxg5 72. Ke3
Kg4 73. Kf2 Kf4 74. Kg2 Kg4 75. Kh2 Kf3 76. Kh1 Kf2 77. Kh2 g5 78. Kh3 Kf3 79.
Kh2 g4 80. Kg1 Kg3 0-1

[Event "Open Vitrolles 2023/2024"]
[Site "Vitrolles"]
[Date "2023.11.18"]
[Round "3.5"]
[White "Bouriel, Michel"]
[Black "Thiers, Jean-Jacques"]
[Result "0-1"]
[WhiteElo "1314"]
[BlackElo "1495"]
[PlyCount "84"]

1. c4 e5 2. Nc3 Bc5 3. Nf3 Nc6 4. g3 Nf6 5. Bg2 d6 6. O-O O-O 7. d3 h6 8. a3 a6
9. b4 Ba7 10. b5 axb5 11. cxb5 Nd4 12. a4 Bc5 13. Bd2 Rb8 14. e3 Nxf3+ 15. Bxf3
d5 16. Qc1 b6 17. e4 dxe4 18. dxe4 Bd4 19. Rd1 Bg4 20. Kg2 Bxf3+ 21. Kxf3 Qc8
22. Ra2 Qg4+ 23. Kg2 Rfd8 24. f3 Qe6 25. Rc2 Rd7 26. Nd5 Nxd5 27. exd5 Qxd5 28.
Rxc7 Rbd8 29. Rxd7 Rxd7 30. Qc8+ Kh7 31. Qc2+ g6 32. Qc1 Be3 33. Bxe3 Qxd1 34.
Qxd1 Rxd1 35. Bxb6 Rb1 36. a5 Rxb5 37. h4 f5 38. Kf2 Kg7 39. Ke3 Kf7 40. Kd3
Ke6 41. Kc4 Rb1 42. a6 Rxb6 0-1

[Event "Open Vitrolles 2023/2024"]
[Site "Vitrolles"]
[Date "2023.11.18"]
[Round "3.6"]
[White "Cens, Alain"]
[Black "Dupre Hollebeque, Joachim"]
[Result "0-1"]
[WhiteElo "1450"]
[BlackElo "1199"]
[PlyCount "82"]

1. c4 e5 2. Nc3 Nf6 3. g3 c6 4. Bg2 d5 5. cxd5 cxd5 6. d3 Bc5 7. Nf3 Nc6 8. O-O
h6 9. Nxe5 Bxf2+ 10. Rxf2 Nxe5 11. Qb3 Be6 12. Qxb7 O-O 13. Bd2 Rb8 14. Qxa7
Rxb2 15. Rd1 Neg4 16. Rf4 d4 17. Qxd4 Qc8 18. Ne4 Rxa2 19. Rc1 Rc2 20. Nxf6+
Nxf6 21. Rxc2 Qxc2 22. Qc3 Qd1+ 23. Bf1 Nd5 24. Qc1 Qxc1 25. Bxc1 Nxf4 26. Bxf4
Rc8 27. Kf2 Rc2 28. Bg2 Bf5 29. Ke3 g5 30. Be5 Kf8 31. h3 Rc1 32. h4 Ke7 33.
Bg7 gxh4 34. gxh4 h5 35. Kf4 Bg4 36. Bf3 Rf1 37. Kg5 Bxf3 38. exf3 Rxf3 39. d4
Rg3+ 40. Kh6 Rg6+ 41. Kh7 Rxg7+ 0-1

[Event "Open Vitrolles 2023/2024"]
[Site "Vitrolles"]
[Date "2023.11.18"]
[Round "3.7"]
[White "Graells, Christian"]
[Black "Rannou, Danielle"]
[Result "1-0"]
[WhiteElo "1369"]
[BlackElo "1087"]
[PlyCount "110"]

1. e4 e5 2. Nf3 d6 3. Bc4 h6 4. O-O Nf6 5. d3 Nc6 6. a3 a6 7. c3 Bg4 8. Nbd2 d5
9. exd5 Nxd5 10. Qe1 f6 11. d4 Qd6 12. Ne4 Qd8 13. Nfd2 Nb6 14. Ba2 Qe7 15. d5
Nb8 16. c4 N8d7 17. b4 c5 18. d6 Qd8 19. bxc5 Na4 20. Bb3 Naxc5 21. Bc2 Qb8 22.
Nxc5 Nxc5 23. Bg6+ Kd7 24. f3 Be6 25. Ne4 Bxd6 26. Qd1 Qc7 27. Nxd6 Qxd6 28.
Qc2 Qd4+ 29. Qf2 Qxf2+ 30. Rxf2 Bxc4 31. Rc2 Nb3 32. Rb1 Be6 33. Be3 Rac8 34.
Rd1+ Ke7 35. Rb2 Na5 36. Bb6 Nc4 37. Bc5+ Rxc5 38. Rxb7+ Bd7 39. Rdxd7+ Ke6 40.
Re7+ Kd6 41. Rbd7+ Kc6 42. Be4+ Kb6 43. Re6+ Ka5 44. Ra7 Nb6 45. Bd3 Rb5 46.
Bxb5 Kxb5 47. Rxg7 Nd5 48. Ra7 Rc8 49. Rexa6 Rc1+ 50. Kf2 Rc2+ 51. Kg3 Ne3 52.
a4+ Kb4 53. Rxf6 Rxg2+ 54. Kh3 Rf2 55. Rb7+ Kxa4 1-0

[Event "Open Vitrolles 2023/2024"]
[Site "Vitrolles"]
[Date "2023.11.18"]
[Round "3.8"]
[White "Guillaud, Florence"]
[Black "Chauvet, Joelle"]
[Result "0-1"]
[WhiteElo "1199"]
[BlackElo "1368"]
[PlyCount "112"]

1. e4 e5 2. f4 d6 3. d3 Be7 4. Nf3 Nf6 5. Nc3 c6 6. Be2 Nbd7 7. Be3 O-O 8. h3
exf4 9. Bxf4 Nh5 10. Qd2 Bh4+ 11. Kd1 Nxf4 12. Qxf4 Be7 13. d4 Nf6 14. Nh2 Qb6
15. Qe3 Be6 16. g4 Rfe8 17. Nf3 d5 18. e5 Ne4 19. Rg1 Qxb2 20. Nxe4 dxe4 21.
Qxe4 Qxa1+ 22. Kd2 Qxa2 23. Bd3 g6 24. h4 Bd5 25. Qf4 Bxf3 26. Qxf3 Bxh4 27.
Rf1 Rf8 28. Rh1 Bg5+ 29. Ke2 h6 30. Qe4 Qd5 31. c4 Qxe4+ 32. Bxe4 Rad8 33. Kd3
c5 34. d5 b6 35. Kc3 f5 36. gxf5 gxf5 37. Bf3 Kg7 38. Rg1 Rde8 39. e6 Kf6 40.
Kb3 Rh8 41. Ka4 a6 42. Re1 Bf4 43. Bh5 Re7 44. Rd1 Rd8 45. Rb1 Rd6 46. Rh1 Ke5
47. Bf3 Kd4 48. Rh4 Ke3 49. Rh3 Kf2 50. Bh5 Bg3 51. Bd1 b5+ 52. Ka5 bxc4 53.
Rxh6 Rxd5 54. Ba4 Rd6 55. Bd7 Bf4 56. Ka4 Bxh6 0-1

[Event "Open Vitrolles 2023/2024"]
[Site "Vitrolles"]
[Date "2023.11.18"]
[Round "3.9"]
[White "Bregier, Gerard"]
[Black "Baghdoyan, Albert"]
[Result "1-0"]
[WhiteElo "1338"]
[BlackElo "1301"]
[PlyCount "45"]

1. Nf3 Nf6 2. g3 e6 3. Bg2 d5 4. O-O Bd7 5. Ne5 Bd6 6. Nxd7 Nbxd7 7. d4 c5 8.
Nc3 a6 9. Re1 Qc7 10. e4 dxe4 11. Nxe4 Nxe4 12. Bxe4 Nf6 13. Bg2 Rd8 14. d5 Be7
15. c4 O-O 16. Qb3 exd5 17. cxd5 Bd6 18. Bg5 Qd7 19. Rad1 Rde8 20. Bxf6 gxf6
21. Qf3 Be5 22. Qh5 Kh8 23. Bh3 1-0

[Event "Open Vitrolles 2023/2024"]
[Site "Vitrolles"]
[Date "2023.11.18"]
[Round "3.10"]
[White "Ghio, Maxime"]
[Black "Romeuf, Benjamin"]
[Result "1-0"]
[WhiteElo "1199"]
[BlackElo "1199"]
[PlyCount "83"]

1. d4 Nf6 2. c4 g6 3. Nc3 d5 4. cxd5 Nxd5 5. e4 Nxc3 6. bxc3 Bg7 7. Bc4 c5 8.
Ne2 cxd4 9. cxd4 O-O 10. O-O Nc6 11. Be3 a6 12. Rc1 b5 13. Bd5 Rb8 14. Bxc6 b4
15. d5 Bb7 16. Nd4 Qd6 17. Bxb7 Rxb7 18. Nc6 Ra8 19. Bc5 Qf6 20. Bxb4 Qb2 21.
a3 Rb5 22. Nxe7+ Kh8 23. Rc2 Qe5 24. Nc6 Qxe4 25. Re1 Rxd5 26. Rxe4 Rxd1+ 27.
Re1 Rxe1+ 28. Bxe1 Re8 29. Kf1 Bf8 30. Bb4 Bxb4 31. axb4 Rc8 32. Ke2 Kg7 33.
Kd3 Kf6 34. Kd4 Ke6 35. Kc5 Kd7 36. Kb6 h5 37. Ne5+ Kd8 38. Rxc8+ Kxc8 39. Kxa6
Kc7 40. Ka7 Kd6 41. b5 Kxe5 42. b6 1-0

[Event "Open Vitrolles 2023/2024"]
[Site "Vitrolles"]
[Date "2023.11.18"]
[Round "3.11"]
[White "Briquet, Xavier"]
[Black "Javos, Yves-Andre"]
[Result "1-0"]
[WhiteElo "1426"]
[BlackElo "1223"]
[PlyCount "61"]

1. e4 c5 2. Nf3 d6 3. Bc4 Nf6 4. Nc3 Nc6 5. Qe2 a6 6. a3 e6 7. d3 Be7 8. Bg5
O-O 9. O-O-O h6 10. Bd2 b5 11. Ba2 b4 12. axb4 Nd4 13. Nxd4 cxd4 14. Nb1 Nh7
15. f4 e5 16. fxe5 Bg5 17. Rdf1 Bxd2+ 18. Nxd2 dxe5 19. h4 Qe7 20. g4 Be6 21.
Bxe6 fxe6 22. Rxf8+ Nxf8 23. Nc4 Ng6 24. Qd2 Nxh4 25. Nxe5 g5 26. Qf2 Rf8 27.
Qxd4 Qf6 28. Qc5 Nf3 29. Nd7 Qf4+ 30. Kb1 Rd8 31. Qe7 1-0

[Event "Open Vitrolles 2023/2024"]
[Site "Vitrolles"]
[Date "2023.11.18"]
[Round "3.12"]
[White "Pietrac, Christian"]
[Black "Schoeni, Christine"]
[Result "1/2-1/2"]
[WhiteElo "1157"]
[BlackElo "1199"]
[PlyCount "137"]

1. Nf3 d6 2. d4 Nf6 3. g3 Bg4 4. Bg2 e6 5. O-O Be7 6. Nbd2 O-O 7. e4 h6 8. c3
Nbd7 9. Qb3 Nb6 10. e5 Nfd5 11. exd6 Qxd6 12. Ne5 Bf5 13. Ne4 Bxe4 14. Bxe4 f6
15. Ng6 Rf7 16. Nxe7+ Rxe7 17. Qc2 f5 18. Bf3 Rf8 19. Re1 c6 20. Bh5 Nc4 21. b3
Na3 22. Bxa3 Qxa3 23. Qd2 Nf6 24. Bf3 Qd6 25. Re5 g5 26. a4 Nd5 27. Qd3 Kg7 28.
b4 g4 29. Bg2 h5 30. Qd2 Kg6 31. Rb1 b6 32. c4 Nc7 33. Rd1 Na6 34. c5 Qc7 35.
Rde1 Qd7 36. Qc3 Nc7 37. cxb6 axb6 38. Bxc6 Qd6 39. Bg2 Kf6 40. Qd2 Rg8 41. b5
Nd5 42. Rd1 Qb4 43. Qxb4 Nxb4 44. Bf1 Nd5 45. Rc1 Ra8 46. Ra1 Rc7 47. Ree1 Nb4
48. Red1 Rd7 49. Rd2 Nd5 50. Bg2 Rc7 51. Kf1 Rc4 52. Bxd5 exd5 53. a5 Rxa5 54.
Rxa5 bxa5 55. Ke2 a4 56. Kd3 Rb4 57. Ra2 Rb3+ 58. Ke2 a3 59. Kf1 Ke6 60. b6
Rb1+ 61. Kg2 Kd6 62. b7 Kc7 63. Rxa3 Rxb7 64. Rc3+ Kd6 65. h3 Rc7 66. Rd3 Re7
67. hxg4 hxg4 68. Rd2 Rg7 69. f4 1/2-1/2

[Event "Open Vitrolles 2023/2024"]
[Site "Vitrolles"]
[Date "2023.11.18"]
[Round "3.13"]
[White "Coquet, Bruno"]
[Black "Porte, Jacques"]
[Result "1-0"]
[WhiteElo "1182"]
[BlackElo "1166"]
[PlyCount "57"]

1. e4 c5 2. Nf3 Nc6 3. d4 cxd4 4. Nxd4 e5 5. Nxc6 bxc6 6. Bc4 Be7 7. Nc3 Nf6 8.
Bb3 Bb7 9. O-O O-O 10. Re1 Qc7 11. Bg5 Rad8 12. Re3 d6 13. Rg3 Kh8 14. Qe2 Bc8
15. Bxf6 Bxf6 16. Nd1 Bh4 17. Rc3 Be6 18. Ne3 Bxb3 19. Rxb3 g6 20. Rd1 h5 21.
Nf5 Bf6 22. Ng3 Qe7 23. Nxh5 gxh5 24. Qxh5+ Kg8 25. Rg3+ Bg7 26. Rh3 f6 27.
Rdd3 Rf7 28. Rdg3 Kf8 29. Qh8+ 1-0

[Event "Open Vitrolles 2023/2024"]
[Site "Vitrolles"]
[Date "2023.12.02"]
[Round "4.1"]
[White "Boukhfif, Tarik"]
[Black "Benoit-Lizon, Alain"]
[Result "1-0"]
[WhiteElo "1598"]
[BlackElo "1380"]
[PlyCount "102"]

1. d4 Nf6 2. c4 e6 3. Nc3 Bb4 4. Bd2 d5 5. e3 O-O 6. Nf3 c5 7. Be2 Nc6 8. O-O
dxc4 9. a3 Bxc3 10. Bxc3 Ne4 11. Bxc4 Nxc3 12. bxc3 cxd4 13. cxd4 b6 14. Rc1
Bb7 15. Bd3 Rc8 16. Bb1 Qf6 17. Qd3 g6 18. Nd2 Rfd8 19. Ne4 Qg7 20. Qb5 Rd5 21.
Qb3 Rdd8 22. Rfd1 Ne7 23. Rxc8 Nxc8 24. Rc1 Rd7 25. Qb4 f5 26. Ng5 Qe7 27. Qxe7
Nxe7 28. Nxe6 Bd5 29. Nf4 Bf7 30. Nd3 Rd5 31. Rc7 Kf8 32. Rxa7 Rb5 33. Bc2 Ra5
34. Rxa5 bxa5 35. Ne5 Be8 36. Bb3 Nc8 37. Kf1 Ke7 38. Ke2 a4 39. Bc4 Nb6 40.
Bd3 Kd6 41. Nc4+ Kc6 42. Nxb6 Kxb6 43. Bc4 h6 44. f3 g5 45. Kd3 Bd7 46. g3 Bc6
47. d5 Bd7 48. Kd4 Be8 49. Bd3 Bd7 50. e4 fxe4 51. fxe4 Kc7 1-0

[Event "Open Vitrolles 2023/2024"]
[Site "Vitrolles"]
[Date "2023.12.02"]
[Round "4.2"]
[White "Mata, Thierry"]
[Black "Jullien, Patrick"]
[Result "1-0"]
[WhiteElo "1464"]
[BlackElo "1523"]
[PlyCount "73"]

1. d4 d5 2. Nf3 Nf6 3. e3 e6 4. Bd3 c5 5. b3 cxd4 6. exd4 Be7 7. O-O O-O 8.
Nbd2 b6 9. Bb2 Bb7 10. Rc1 Nbd7 11. c4 Ne4 12. Qc2 Ndf6 13. a3 Rc8 14. Rfe1
Nxd2 15. Nxd2 h6 16. Qd1 Bd6 17. Nf3 Qe7 18. Bc2 dxc4 19. bxc4 Rxc4 20. Bh7+
Nxh7 21. Rxc4 Bxa3 22. Bxa3 Qxa3 23. Ra4 Bxf3 24. Rxa3 Bxd1 25. Rxd1 a5 26. Rb1
Rd8 27. Rxb6 Rxd4 28. Rb8+ Nf8 29. Kf1 Rd5 30. Rc3 a4 31. Ra8 Rd1+ 32. Ke2 Ra1
33. Rcc8 Ra2+ 34. Ke3 a3 35. Rxf8+ Kh7 36. Rxf7 Ra1 37. Rfa7 1-0

[Event "Open Vitrolles 2023/2024"]
[Site "Vitrolles"]
[Date "2023.12.02"]
[Round "4.3"]
[White "Khoundh, Zein"]
[Black "Chabaud, Philippe"]
[Result "1-0"]
[WhiteElo "1338"]
[BlackElo "1392"]
[PlyCount "97"]
[EventDate "1.??.??"]

1. e4 e6 2. d4 d5 3. e5 c5 4. c3 Nc6 5. Nf3 Qb6 6. a3 a5 7. Bd3 Bd7 8. Bc2 cxd4
9. cxd4 Be7 10. O-O Rc8 11. Nc3 Na7 12. Rb1 Qc6 13. Bd2 b5 14. b4 a4 15. Rc1
Bd8 16. Ne1 Ne7 17. Qg4 Ng6 18. Bxg6 hxg6 19. Ne4 dxe4 20. Rxc6 Bxc6 21. f3 Rh4
22. Qg3 Bd5 23. Bg5 Bxg5 24. Qxg5 Rh5 25. Qe3 exf3 26. Nxf3 Rc2 27. Rf2 Rc7 28.
Nd2 Rc1+ 29. Rf1 Rxf1+ 30. Nxf1 Nc8 31. Nd2 Nb6 32. Ne4 Nc8 33. Qc1 Bc4 34. g4
Rh3 35. Kg2 Rxa3 36. Qxa3 Bd5 37. Qe3 Nd6 38. Kf2 Nc4 39. Nd6+ Nxd6 40. exd6
Kd7 41. Qc3 Bc4 42. Qf3 Kxd6 43. Qxf7 Bd3 44. Qxg7 Kd5 45. Qe5+ Kc4 46. Qxe6+
Kxb4 47. d5 a3 48. Qa6 Kb3 49. d6 1-0

[Event "Open Vitrolles 2023/2024"]
[Site "Vitrolles"]
[Date "2023.12.02"]
[Round "4.4"]
[White "Thiers, Jean-Jacques"]
[Black "Bregier, Gerard"]
[Result "1-0"]
[WhiteElo "1484"]
[BlackElo "1332"]
[PlyCount "63"]

1. d4 c6 2. Nf3 d5 3. e3 Nf6 4. Bd3 Bg4 5. Nbd2 e6 6. O-O Bd6 7. Re1 O-O 8. h3
Bxf3 9. Qxf3 Nbd7 10. e4 dxe4 11. Nxe4 Nxe4 12. Bxe4 Nf6 13. Bd3 Be7 14. c3 Qd5
15. Qd1 Rfd8 16. Re5 Qd7 17. Bg5 h6 18. Bxf6 Bxf6 19. Rh5 Rac8 20. Qg4 Kf8 21.
Bc2 c5 22. Rxc5 Rxc5 23. dxc5 Qb5 24. Bb3 Rd2 25. Qf4 Bg5 26. Qb8+ Bd8 27. Rd1
Rxd1+ 28. Bxd1 Ke8 29. Qxa7 Ke7 30. Ba4 Qxb2 31. Qb8 Qxc3 32. Qd6+ 1-0

[Event "Open Vitrolles 2023/2024"]
[Site "Vitrolles"]
[Date "2023.12.02"]
[Round "4.5"]
[White "Dupre Hollebeque, Joachim"]
[Black "Graells, Christian"]
[Result "1-0"]
[WhiteElo "1199"]
[BlackElo "1369"]
[PlyCount "67"]

1. e4 e5 2. Nf3 Nc6 3. Nc3 a6 4. Bc4 b5 5. Bd5 Nge7 6. d4 d6 7. dxe5 Nxd5 8.
Qxd5 Bd7 9. exd6 cxd6 10. Bf4 Nb4 11. Qb3 a5 12. O-O Be6 13. Nd5 Be7 14. Nd4
Bf6 15. Nxe6 fxe6 16. Nxf6+ Qxf6 17. Bxd6 Rc8 18. c3 Nc6 19. Qxb5 e5 20. Rad1
Kf7 21. Qd5+ Kg6 22. f4 Qd8 23. Qe6+ Kh5 24. Rf3 Qf6 25. Rh3+ Kg6 26. f5+ Kg5
27. Qb3 h5 28. Bc5 h4 29. Be3+ Kh5 30. Qc2 Nd4 31. g4+ Kxg4 32. Qg2+ Kh5 33.
Rxd4 exd4 34. Qf3# 1-0

[Event "Open Vitrolles 2023/2024"]
[Site "Vitrolles"]
[Date "2023.12.02"]
[Round "4.6"]
[White "Chauvet, Joelle"]
[Black "Scamaroni, Jean-Paul"]
[Result "1-0"]
[WhiteElo "1366"]
[BlackElo "1452"]
[PlyCount "80"]

1. d4 Nf6 2. Nf3 e6 3. c4 b6 4. e3 Bb7 5. Be2 Be7 6. O-O O-O 7. Nc3 d5 8. b3
Nbd7 9. Bb2 c5 10. Qc2 Rc8 11. a4 dxc4 12. bxc4 cxd4 13. Nxd4 Nc5 14. f3 a6 15.
Rad1 Qc7 16. Ba3 Rfd8 17. Nb3 Rxd1 18. Rxd1 Qe5 19. Bc1 Nxb3 20. Qxb3 Bc5 21.
Rd3 Bc6 22. Nd1 Ne8 23. Bb2 Qg5 24. Nf2 Bxe3 25. Rxe3 Qa5 26. Bc3 Qg5 27. Qxb6
Bxa4 28. Qd4 Rd8 29. Nh3 Qh6 30. Qf4 Qg6 31. Ng5 h6 32. Ne4 Bd1 33. Bd3 f5 34.
Nc5 Rd6 35. Be5 Rc6 36. Nd7 Ba4 37. Qd4 Rc8 38. Nb6 Qf7 39. Nxc8 Qb7 40. Nb6
Qe7 1-0

[Event "Open Vitrolles 2023/2024"]
[Site "Vitrolles"]
[Date "2023.12.02"]
[Round "4.7"]
[White "Ghio, Maxime"]
[Black "Briquet, Xavier"]
[Result "1-0"]
[WhiteElo "1199"]
[BlackElo "1426"]
[PlyCount "69"]

1. d4 d5 2. c4 e6 3. Nc3 Nf6 4. cxd5 exd5 5. Bg5 Be7 6. Qc2 Nc6 7. e3 a6 8. a3
Be6 9. Bd3 h6 10. Bh4 Qd7 11. Nf3 g5 12. Bg3 Nh5 13. Ne5 Nxe5 14. Bxe5 f6 15.
Bg6+ Bf7 16. Bxf7+ Kxf7 17. Bg3 Nxg3 18. hxg3 Rac8 19. f3 b6 20. Qd3 b5 21. Kf2
c6 22. g4 Bd6 23. Rh3 Kg7 24. Ne2 c5 25. dxc5 Bxc5 26. Ng3 Bf8 27. Nf5+ Kg8 28.
Rah1 Bg7 29. Nxh6+ Kf8 30. Nf5 Rxh3 31. Rxh3 Kg8 32. Nxg7 Qxg7 33. Qxd5+ Qf7
34. Rh8+ Kg7 35. Rh7+ 1-0

[Event "Open Vitrolles 2023/2024"]
[Site "Vitrolles"]
[Date "2023.12.02"]
[Round "4.8"]
[White "Cens, Alain"]
[Black "Guillaud, Florence"]
[Result "1-0"]
[WhiteElo "1450"]
[BlackElo "1199"]
[PlyCount "73"]

1. c4 e5 2. Nc3 Nf6 3. g3 c6 4. Nf3 d5 5. Nxe5 Bd6 6. Nf3 Be6 7. cxd5 Nxd5 8.
Bg2 O-O 9. O-O Qd7 10. Qc2 Be7 11. d3 Nxc3 12. bxc3 Bf6 13. Bf4 Bh3 14. Bxh3
Qxh3 15. Rab1 Qd7 16. Rb3 Na6 17. d4 c5 18. e3 c4 19. Rb2 b5 20. Rfb1 Qd5 21.
e4 Qh5 22. Nd2 Rfe8 23. Rxb5 Qe2 24. Rf1 h5 25. Rbb1 h4 26. Rbe1 Qg4 27. Qd1
Qc8 28. g4 Nc7 29. Bxc7 Qxc7 30. f4 Rac8 31. g5 Bd8 32. Qg4 Qa5 33. Qxc8 Qxc3
34. Nf3 Qc2 35. e5 h3 36. Rf2 Qf5 37. Qxf5 1-0

[Event "Open Vitrolles 2023/2024"]
[Site "Vitrolles"]
[Date "2023.12.02"]
[Round "4.9"]
[White "Romeuf, Benjamin"]
[Black "Bouriel, Michel"]
[Result "0-1"]
[WhiteElo "1199"]
[BlackElo "1314"]
[PlyCount "96"]

1. d4 Nf6 2. c4 g6 3. Nc3 Bg7 4. g3 O-O 5. Bg2 d6 6. Nf3 Bf5 7. Nh4 Bc8 8. O-O
Nc6 9. d5 Na5 10. b3 h6 11. Bb2 b6 12. Ne4 Nb7 13. Nxf6+ exf6 14. Nf3 Nc5 15.
b4 Nd7 16. Nd4 Ne5 17. Rc1 a5 18. f4 Ng4 19. Qb3 axb4 20. h3 Ne5 21. fxe5 dxe5
22. Nc6 Qd6 23. Nxb4 Bd7 24. a3 Ba4 25. Qd3 f5 26. Qc3 f6 27. c5 Qd8 28. d6 Ra5
29. cxb6 cxd6 30. Nc6 Qxb6+ 31. Kh2 Rc5 32. Qb4 Bb5 33. Qb3+ Kh7 34. a4 e4 35.
Rxc5 dxc5 36. Qxb5 Qc7 37. Qxc5 Rb8 38. Bd4 Bf8 39. Qa7 Rb7 40. Qa6 Bd6 41. Bf2
f4 42. gxf4 Bxf4+ 43. Kh1 e3 44. Nd4 Rb6 45. Qa5 exf2 46. Rxf2 Rb1+ 47. Rf1
Rxf1+ 48. Bxf1 Qxa5 0-1

[Event "Open Vitrolles 2023/2024"]
[Site "Vitrolles"]
[Date "2023.12.02"]
[Round "4.10"]
[White "Baghdoyan, Albert"]
[Black "Coquet, Bruno"]
[Result "1-0"]
[WhiteElo "1301"]
[BlackElo "1182"]
[PlyCount "53"]

1. d4 d5 2. Nf3 Bf5 3. Bf4 e6 4. Nc3 a6 5. a3 Nf6 6. e3 c5 7. Be2 Nc6 8. Nh4
cxd4 9. exd4 Bd6 10. Bxd6 Qxd6 11. Nxf5 exf5 12. O-O O-O 13. Bf3 Ne4 14. Qd3
Rfe8 15. Rfe1 Re6 16. Re2 Rh6 17. g3 Re8 18. Rae1 Ree6 19. Bxe4 fxe4 20. Qd2 f5
21. f4 Reg6 22. Nd1 Nd8 23. Ne3 Qxf4 24. Rf1 Qc7 25. Rxf5 Rxh2 26. Rxh2 Qxg3+
27. Rg2 1-0

[Event "Open Vitrolles 2023/2024"]
[Site "Vitrolles"]
[Date "2023.12.02"]
[Round "4.11"]
[White "Javos, Yves-Andre"]
[Black "Pietrac, Christian"]
[Result "1-0"]
[WhiteElo "1223"]
[BlackElo "1157"]
[PlyCount "113"]

1. e4 g6 2. d4 Bg7 3. Nf3 d6 4. c3 a6 5. Be2 Nf6 6. Qc2 c5 7. O-O O-O 8. a4
cxd4 9. cxd4 Nc6 10. Bd2 Qb6 11. Bc3 Ne8 12. Rd1 Na5 13. Nbd2 Nc7 14. h3 Nc6
15. Nc4 Qa7 16. d5 Ne5 17. Bd4 Nxf3+ 18. Bxf3 Bxd4 19. Ra3 Bc5 20. Rad3 b5 21.
Na5 Bd7 22. Nb3 Bb6 23. a5 Bc5 24. e5 Bf5 25. Nxc5 Bxd3 26. Nxd3 Rac8 27. Qb3
Ne8 28. Nb4 Ng7 29. Nc6 Qb7 30. Re1 Nf5 31. exd6 exd6 32. Qd3 Rce8 33. Be4 Ne7
34. Rc1 Nxc6 35. dxc6 Qc7 36. b4 Kg7 37. Qd4+ Re5 38. f4 Rfe8 39. fxe5 Rxe5 40.
Bf3 f6 41. Qb6 Re7 42. Qxa6 Qa7+ 43. Qb6 Qc7 44. Qb7 Kh6 45. a6 Qd8 46. c7 Qe8
47. a7 Re1+ 48. Rxe1 Qxe1+ 49. Kh2 Qe5+ 50. g3 Qb2+ 51. Bg2 Qxb4 52. a8=Q f5
53. c8=Q Qb3 54. Qh8 f4 55. Qbxh7+ Kg5 56. Qad8+ Kf5 57. Qhf6# 1-0

[Event "Open Vitrolles 2023/2024"]
[Site "Vitrolles"]
[Date "2023.12.02"]
[Round "4.12"]
[White "Schoeni, Christine"]
[Black "Porte, Jacques"]
[Result "0-1"]
[WhiteElo "1199"]
[BlackElo "1176"]
[PlyCount "67"]

1. d4 d5 2. Nc3 c6 3. e4 e6 4. Nf3 Bb4 5. Qd3 Ne7 6. Bd2 O-O 7. a3 dxe4 8. Qxe4
Bd6 9. Be2 Nd7 10. O-O Nf6 11. Qh4 Ng6 12. Qh3 e5 13. Qg3 e4 14. Qg5 exf3 15.
Bxf3 h6 16. Qe3 Re8 17. Ne4 Nd5 18. Qe1 Bf5 19. Qd1 Bxe4 20. Bxe4 Rxe4 21. Re1
Rxd4 22. c3 Rc4 23. b3 Rxc3 24. Bxc3 Nxc3 25. Qd3 Bxh2+ 26. Kxh2 Qxd3 27. Re3
Qd7 28. g3 Nd5 29. Rd1 Nxe3 30. Rxd7 Kf8 31. fxe3 Re8 32. Kg2 Rxe3 33. Kf2 Rxb3
34. a4 0-1

[Event "Open Vitrolles 2023/2024"]
[Site "Vitrolles"]
[Date "2024.01.20"]
[Round "5.1"]
[White "Mata, Thierry"]
[Black "Boukhfif, Tarik"]
[Result "0-1"]
[WhiteElo "1473"]
[BlackElo "1597"]
[PlyCount "74"]

1. d4 d5 2. Nf3 c5 3. Nbd2 cxd4 4. Nb3 Nc6 5. Nfxd4 e5 6. Nxc6 bxc6 7. g3 Nf6
8. Bg2 Be7 9. c4 Be6 10. O-O O-O 11. cxd5 cxd5 12. Be3 d4 13. Bxa8 Qxa8 14. Bg5
Bh3 15. f3 Bxf1 16. Qxf1 Nd5 17. Bxe7 Nxe7 18. Nd2 Nd5 19. Nc4 Qb8 20. Rc1 f6
21. a3 a5 22. Qe1 a4 23. Qa5 Qa8 24. Qxa8 Rxa8 25. Nd6 Kf8 26. Rc5 Ne3 27. Rc8+
Rxc8 28. Nxc8 Nc4 29. Kf1 Ke8 30. Ke1 Kd7 31. Na7 Kc7 32. Kd1 Kb7 33. Nb5 Kb6
34. Kc2 Kxb5 35. b3 Nxa3+ 36. Kd2 Kb4 37. bxa4 Nc4+ 0-1

[Event "Open Vitrolles 2023/2024"]
[Site "Vitrolles"]
[Date "2024.01.20"]
[Round "5.2"]
[White "Thiers, Jean-Jacques"]
[Black "Khoundh, Zein"]
[Result "0-1"]
[WhiteElo "1495"]
[BlackElo "1388"]
[PlyCount "106"]

1. d4 e6 2. Nf3 Nf6 3. e3 b6 4. Bd3 Bb7 5. Nbd2 d5 6. O-O Nbd7 7. Re1 Ne4 8. c3
c5 9. Qc2 f5 10. dxc5 bxc5 11. c4 Bd6 12. b3 O-O 13. Bb2 Qc7 14. Qd1 Rae8 15.
Nf1 Ne5 16. Nxe5 Bxe5 17. Bxe5 Qxe5 18. Bxe4 Qxe4 19. Ng3 Qh4 20. Rc1 d4 21.
exd4 f4 22. Qh5 Qxh5 23. Nxh5 g6 24. Nxf4 Rxf4 25. dxc5 Rg4 26. g3 Rg5 27. Rcd1
a5 28. Rd6 Kf7 29. Rb6 Bf3 30. Re3 Ba8 31. Rb5 Rc8 32. Rxa5 Rgxc5 33. Re5 Rxe5
34. Rxe5 Rd8 35. f4 Rd1+ 36. Kf2 Rh1 37. Ra5 Rxh2+ 38. Ke3 Bc6 39. b4 Rg2 40.
b5 Rxg3+ 41. Kd4 Bg2 42. b6 e5+ 43. Kxe5 Re3+ 44. Kd4 Re7 45. Rg5 Bb7 46. Rc5
h5 47. f5 g5 48. Rb5 h4 49. Rb2 h3 50. a4 g4 51. a5 g3 52. c5 g2 53. a6 g1=Q+
0-1

[Event "Open Vitrolles 2023/2024"]
[Site "Vitrolles"]
[Date "2024.01.20"]
[Round "5.3"]
[White "Jullien, Patrick"]
[Black "Dupre Hollebeque, Joachim"]
[Result "1-0"]
[WhiteElo "1515"]
[BlackElo "1199"]
[PlyCount "31"]

1. e4 e5 2. Nf3 Nc6 3. Bc4 Nf6 4. d3 Bc5 5. a3 a5 6. Nc3 Ng4 7. O-O d6 8. h3 h5
9. Ng5 Nh6 10. Qxh5 O-O 11. Qg6 Re8 12. Bxf7+ Nxf7 13. Qxf7+ Kh8 14. Qh5+ Kg8
15. Qh7+ Kf8 16. Qh8+ 1-0

[Event "Open Vitrolles 2023/2024"]
[Site "Vitrolles"]
[Date "2024.01.20"]
[Round "5.4"]
[White "Chabaud, Philippe"]
[Black "Ghio, Maxime"]
[Result "0-1"]
[WhiteElo "1386"]
[BlackElo "1304"]
[PlyCount "78"]

1. d4 d5 2. Bf4 c5 3. e3 Nc6 4. c3 Nf6 5. Nf3 Qb6 6. Qb3 c4 7. Qxb6 axb6 8. Na3
Ra5 9. Bc7 Nd7 10. Be2 e6 11. Nc2 Ra7 12. O-O b5 13. Ne5 f6 14. Nxd7 Bxd7 15.
Bh5+ g6 16. Bf3 Kf7 17. e4 dxe4 18. Bxe4 f5 19. Bf3 Bg7 20. Rfe1 Re8 21. d5
exd5 22. Bxd5+ Be6 23. Bxe6+ Rxe6 24. Rxe6 Kxe6 25. Re1+ Kd7 26. Bb6 Rxa2 27.
Rd1+ Ke6 28. Re1+ Kd7 29. Rd1+ Ke6 30. Re1+ Kf7 31. Nd4 Nxd4 32. cxd4 Rxb2 33.
g3 c3 34. Bc5 Bf6 35. Rc1 c2 36. Kg2 b6 37. Bxb6 b4 38. Bc5 b3 39. Ra1 Ra2 0-1